| 000 | 00906cam a2200301 a 4500 | ||
|---|---|---|---|
| 999 |
_c16935 _d16935 |
||
| 001 | 2352201 | ||
| 003 | EG-ScBUE | ||
| 005 | 20210301123709.0 | ||
| 008 | 831116t1984 nyua f 000 0 eng d | ||
| 020 | _a9780802144386 | ||
| 040 |
_aDLC _beng _erda _cDLC _dDLC _dEG-ScBUE |
||
| 082 | 0 | 4 |
_a822.912 _bBEC _222 |
| 100 | 1 |
_aBeckett, Samuel, _d1906-1989, _eauthor. _930823 |
|
| 240 | 1 | 0 |
_aPlays. _kSelections |
| 245 | 1 | 0 |
_aCollected Shorter Plays / _cSamuel Beckett. |
| 264 | 1 |
_aNew York, NY : _bGrove Press, _c[1984] |
|
| 264 | 4 | _cc1984 | |
| 300 |
_a318 pages : _billustrations ; _c22 cm |
||
| 336 |
_2rdacontent _atext _btxt |
||
| 337 |
_2rdamedia _aunmediated _bn |
||
| 338 |
_2rdacarrier _avolume _bnc |
||
| 600 | 1 | 7 |
_930435 _aBeckett, Samuel, _d1906-1989. |
| 650 | 7 |
_924969 _aEnglish drama. _2BUEsh |
|
| 651 | _2BUEsh | ||
| 653 |
_cAugust2012 _bHHUUEENN |
||
| 655 |
_vReading book _934232 |
||
| 942 |
_2ddc _cBB |
||